| 000 | 00975nam a2200301 i 4500 | ||
|---|---|---|---|
| 001 | 18893 | ||
| 003 | ES-MaACL | ||
| 005 | 20230906151940.0 | ||
| 007 | t| | ||
| 008 | 020409s2001 sp |||| | spa d | ||
| 020 | _a84-339-6159-4 | ||
| 080 | _a159.922.4(=1.410) | ||
| 080 | _a930.85(410):316.654(4) | ||
| 080 | _a930.85(4):930.85(410) | ||
| 100 | 1 |
_aBuruma, Ian. _932796 |
|
| 245 | 1 | 0 |
_aAnglomanía _b: una fascinación europea / _cIan Buruma ; traducción de Javier Calzada. |
| 260 |
_aBarcelona : _bAnagrama, _c[2001] |
||
| 300 |
_a396 p. ; _c22 cm. |
||
| 490 | 1 |
_aColección Argumentos ; _v268 |
|
| 504 | _aBibliografía: p. 359-370. | ||
| 650 | 1 | 4 |
_aBritánicos- _xPsicología. _910620 |
| 651 | 4 |
_aGran Bretaña- _xOpinión europea. _98757 |
|
| 651 | 4 |
_aEuropa- _xCivilización- _xInfluencia británica. _98587 |
|
| 700 | 1 |
_aCalzada, Javier. _933939 |
|
| 830 | 0 |
_aColección Argumentos ; _v268 _9178071 |
|
| 852 |
_aES-MaACL _jL-25378 |
||
| 999 |
_c18893 _d18893 |
||